[Event "POL-ch Seniors"]
[Site "Szklarska Poreba"]
[Date "2022.05.20"]
[Round "9"]
[White "Domaradzki, Grzegorz"]
[Black "Hoffmann, Piotr"]
[Result "0-1"]
[WhiteElo "1300"]
[BlackElo "1546"]
[PlyCount "82"]
[EventDate "2022.05.13"]
[EventType "swiss"]
[EventRounds "9"]
[EventCountry "POL"]
[SourceTitle "EXT 2024"]
[Source "ChessBase"]
[SourceDate "2023.10.10"]
[SourceVersion "1"]
[SourceVersionDate "2023.10.10"]
[SourceQuality "1"]

1. e4 d5 2. e5 c5 3. d4 Nc6 4. Nf3 Bg4 5. c3 e6 6. h3 Bh5 7. g4 Bg6 8. Bd3 cxd4 9. Bxg6 hxg6 10. cxd4 Bb4+ 11. Bd2 Qa5 12. Bxb4 Qxb4+ 13. Qd2 Nh6 14. g5 Nf5 15. Qxb4 Nxb4 16. Kd2 Rc8 17. Nc3 Nc6 18. Kd3 Ke7 19. h4 Rh7 20. Rh2 a6 21. a3 b5 22. b4 Kd7 23. Ne2 a5 24. bxa5 Nxa5 25. Rb1 Nc4 26. Rxb5 Nxa3 27. Rb3 Nc4 28. Nd2 Nxd2 29. Kxd2 Rxh4 30. Rxh4 Nxh4 31. Rb7+ Rc7 32. Rb8 Nf3+ 33. Kd3 Nxg5 34. Rg8 Ke7 35. Nf4 Ra7 36. Nxg6+ fxg6 37. Rxg7+ Nf7 38. Rxg6 Ra3+ 39. Ke2 Rh3 40. f3 Rh6 41. Rg7 Kf8 0-1

[Event "POL-ch Seniors"]
[Site "Szklarska Poreba"]
[Date "2022.05.19"]
[Round "8"]
[White "Ziobrowska, Danuta"]
[Black "Domaradzki, Grzegorz"]
[Result "1/2-1/2"]
[WhiteElo "1359"]
[BlackElo "1300"]
[PlyCount "40"]
[EventDate "2022.05.13"]
[EventType "swiss"]
[EventRounds "9"]
[EventCountry "POL"]
[SourceTitle "EXT 2024"]
[Source "ChessBase"]
[SourceDate "2023.10.10"]
[SourceVersion "1"]
[SourceVersionDate "2023.10.10"]
[SourceQuality "1"]

1. d4 d5 2. c4 e6 3. Nf3 Nf6 4. Nc3 Be7 5. Bf4 0-0 6. e3 b6 7. Bd3 Nbd7 8. cxd5 exd5 9. Nb5 Bd6 10. Bxd6 cxd6 11. Nxd6 Qe7 12. Nf5 Qe6 13. 0-0 Bb7 14. Ng5 Qe8 15. Rc1 Ne4 16. Bxe4 dxe4 17. Rc7 Ba6 18. Re1 Qd8 19. Rxd7 Qxd7 20. Qg4 Bc8 1/2-1/2